Central Library OPAC University of Rajshahi

Ben-Hur / (Record no. 60917)

MARC details
000 -LEADER
fixed length control field 00541nam a2200205 a 4500
001 - CONTROL NUMBER
control field 60917
003 - CONTROL NUMBER IDENTIFIER
rucl marc code BD-RjUL
005 - DATE AND TIME OF LATEST TRANSACTION
control field 20211209080909.0
008 - FIXED-LENGTH DATA ELEMENTS--GENERAL INFORMATION
fixed length control field 170104s1967 enk 000 0 eng d
035 ## - SYSTEM CONTROL NUMBER
System control number BD-RjUL 61041
040 ## - CATALOGING SOURCE
Original cataloging agency UKM
Transcribing agency UKM
Modifying agency EQO
-- BD-RjUL
Language of cataloging eng
041 ## - LANGUAGE CODE
Language code of text/sound track or separate title eng
082 04 - DEWEY DECIMAL CLASSIFICATION NUMBER
Classification number 813
Edition number 23
Author mark and year WAB 1967
100 1# - MAIN ENTRY--PERSONAL NAME
Personal name Wallace, Lew.
9 (RLIN) 181649
245 10 - TITLE STATEMENT
Title Ben-Hur /
Statement of responsibility, etc. Lew Wallace
260 ## - PUBLICATION, DISTRIBUTION, ETC. (IMPRINT)
Place of publication, distribution, etc. London :
Name of publisher, distributor, etc. Ward, Lock,
Date of publication, distribution, etc. 1967
300 ## - PHYSICAL DESCRIPTION
Pagination 256 p. :
Illustrations ill. ;
Size 18 cm.
650 ## - SUBJECT ADDED ENTRY--TOPICAL TERM
Topical term or geographic name as entry element American Fictions
9 (RLIN) 181650
942 ## - ADDED ENTRY ELEMENTS (KOHA)
Source of classification or shelving scheme Dewey Decimal Classification
Koha item type Books
Holdings
Lost status Source of classification or shelving scheme Damaged status Not for loan Collection code Permanent Location Current Location Shelving location Date acquired Source of acquisition Cost, normal purchase price Total Checkouts Full call number Date last seen Copy number Koha item type
  Dewey Decimal Classification   Not For Loan Fiction Central Library, University of Rajshahi Central Library, University of Rajshahi Reading Room 24/07/1990 Professor Shawkat Osman 0.00   813 WAB 1967 04/01/2017 C-1 Books